|
|
|
|
| LEADER |
00000cam a2200000 7i4500 |
| 001 |
0000003526 |
| 005 |
20220105103947.0 |
| 008 |
070719 |
| 020 |
|
|
|a 9831881478
|
| 090 |
0 |
0 |
|a JP
|b ANM MAL (3788)
|
| 100 |
0 |
|
|a Hazli Mat Saad
|
| 245 |
0 |
0 |
|a Malas membawa padah
|c Hazli Mat Saad
|
| 260 |
|
|
|a Selangor :
|b Nikaz publications ,
|c 2006
|
| 440 |
|
|
|a Salam dari rimba
|
| 500 |
|
|
|a Children age 4-6 years old (yellow)
|
| 650 |
|
0 |
|a Animal
|
| 650 |
|
0 |
|a Malay language
|x Readers
|x Fiction
|
| 710 |
0 |
|
|a Title
|
| 999 |
|
|
|a 0000969313
|b Book
|c Children Collection
|e Perbadanan Perpustakaan Awam Johor
|
| 999 |
|
|
|a 0000969314
|b Book
|c Children Collection
|e Cawangan Bandar Penawar
|
| 999 |
|
|
|a 0000969315
|b Book
|c Children Collection
|e Cawangan Tmn. Ungku Tun Aminah
|
| 999 |
|
|
|a 0000969316
|b Book
|c Children Collection
|e Cawangan Tmn. Ungku Tun Aminah
|
| 999 |
|
|
|a 0000969317
|b Book
|c Children Collection
|e Perbadanan Perpustakaan Awam Johor
|
| 999 |
|
|
|a 0000975856
|b Book
|c Children Collection
|e Cawangan Bandar Penawar
|
| 999 |
|
|
|a 0000975857
|b Book
|c Children Collection
|e Cawangan Segamat
|
| 999 |
|
|
|a 0000975858
|b Book
|c Children Collection
|e Cawangan Tangkak
|
| 999 |
|
|
|a 0000975859
|b Book
|c Children Collection
|e Cawangan Tmn. Ungku Tun Aminah
|
| 999 |
|
|
|a 0001143717
|b Book
|c Children Collection
|e Cawangan Segamat
|
| 999 |
|
|
|a 0001143757
|b Book
|c Children Collection
|e Cawangan Tmn. Ungku Tun Aminah
|
| 999 |
|
|
|a 0001143758
|b Book
|c Children Collection
|e Cawangan Tmn. Ungku Tun Aminah
|
| 999 |
|
|
|a 0001143759
|b Book
|c Children Collection
|e Cawangan Mersing
|
| 999 |
|
|
|a 0001143760
|b Book
|c Children Collection
|e Cawangan Mersing
|
| 999 |
|
|
|a 000947215
|b Book
|c Children Collection
|e Cawangan Muar
|